[Event "CHN-chT"]
[Site "China"]
[Date "2014.06.05"]
[Round "7.4"]
[White "Li, Wenxiang"]
[Black "Ma, Zhonghan"]
[Result "0-1"]
[WhiteElo "1846"]
[BlackElo "2435"]
[PlyCount "160"]
[EventDate "2014.04.12"]
[EventType "team-tourn"]
[EventRounds "22"]
[EventCountry "CHN"]
[SourceTitle "EXT 2015"]
[Source "ChessBase"]
[SourceDate "2014.11.20"]
[SourceVersion "1"]
[SourceVersionDate "2014.11.20"]
[SourceQuality "1"]
[WhiteTeam "Qingdao Qingwei"]
[BlackTeam "Qingdao Exp School"]
[WhiteTeamCountry "CHN"]
[BlackTeamCountry "CHN"]

1. d4 Nf6 2. c4 e6 3. Nc3 Bb4 4. Qc2 d5 5. cxd5 exd5 6. Bg5 h6 7. Bxf6 Qxf6 8. a3 Bxc3+ 9. Qxc3 0-0 10. e3 c6 11. Nf3 Bf5 12. Bd3 Nd7 13. Bxf5 Qxf5 14. 0-0 Rfe8 15. Rfc1 a6 16. b4 Rac8 17. Qc2 Qe6 18. a4 Nf6 19. Rab1 Ne4 20. Nd2 Nd6 21. Qd3 Re7 22. Nb3 Rce8 23. Nc5 Qg4 24. Qd1 Qg5 25. Nd3 Nc4 26. Nb2 Nd6 27. Nd3 Qf5 28. Nc5 h5 29. h3 Qg5 30. Nd3 Nc4 31. Rb3 Re4 32. Nc5 R4e7 33. Nd3 g6 34. Rbc3 Qh4 35. Qf3 Re6 36. Qf4 Qe7 37. Nc5 Rf6 38. Qg5 Nd6 39. Nd7 Rxf2 40. Qxe7 Rxe7 41. Kxf2 Ne4+ 42. Kf3 Rxd7 43. R3c2 Nd6 44. Ke2 Re7 45. Kd3 Kg7 46. Rf2 h4 47. Rcf1 g5 48. Rf3 Ne4 49. Rb1 Rc7 50. Rff1 Nd6 51. Rfc1 Re7 52. Rf1 f6 53. Rf3 Kg6 54. Rbf1 Rf7 55. R3f2 Rf8 56. Rf3 Ne4 57. Rb1 Ra8 58. Rff1 Nd6 59. Rb2 Kf7 60. Rbf2 Ne4 61. Rb2 Ke6 62. Rc1 Nd6 63. a5 Rg8 64. Rf1 Ne4 65. Rf3 Rg7 66. Rb1 g4 67. hxg4 Rxg4 68. Rb2 Rg6 69. Rf4 Rh6 70. Rb1 h3 71. gxh3 Rxh3 72. Rb2 Rh1 73. Rxe4+ dxe4+ 74. Kxe4 Rd1 75. Kf3 Kd5 76. Ke2 Ra1 77. Kd3 Ra3+ 78. Kd2 Ke4 79. Rc2 Rd3+ 80. Ke2 Rxe3+ 0-1

[Event "CHN-chT"]
[Site "China"]
[Date "2014.04.15"]
[Round "4.2"]
[White "Wang, Yue"]
[Black "Li, Wenxiang"]
[Result "1-0"]
[WhiteElo "2717"]
[BlackElo "1846"]
[PlyCount "135"]
[EventDate "2014.04.12"]
[EventType "team-tourn"]
[EventRounds "22"]
[EventCountry "CHN"]
[SourceTitle "CBM 159 Extra"]
[Source "ChessBase"]
[SourceDate "2014.04.24"]
[SourceVersion "1"]
[SourceVersionDate "2014.04.24"]
[SourceQuality "1"]
[WhiteTeam "Tianjing"]
[BlackTeam "Qingdao Qingwei"]
[WhiteTeamCountry "CHN"]
[BlackTeamCountry "CHN"]

1. c4 c6 2. d4 d5 3. Nc3 Nf6 4. cxd5 cxd5 5. Bf4 Nc6 6. e3 a6 7. Bd3 Bg4 8. Nge2 e6 9. 0-0 Bd6 10. f3 Bh5 11. Na4 Bg6 12. Nc5 Bxf4 13. Nxf4 Qe7 14. Rc1 0-0 15. Nxg6 hxg6 16. f4 Rfc8 17. a3 Ne8 18. Qd2 Nd6 19. Rc2 Rc7 20. Rfc1 Na7 21. a4 Rac8 22. b4 Qe8 23. a5 Nab5 24. Qf2 Qe7 25. Rf1 Qf6 26. g4 g5 27. Qg3 gxf4 28. Rxf4 Qe7 29. g5 g6 30. h4 Nf5 31. Bxf5 exf5 32. h5 Re8 33. Rf3 Nd6 34. hxg6 fxg6 35. Rh2 Ne4 36. Qh4 Qxg5+ 37. Qxg5 Nxg5 38. Rg3 Ne4 39. Rxg6+ Kf7 40. Rhg2 Ke7 41. Rg7+ Kd8 42. Rxc7 Kxc7 43. Rg7+ Kc6 44. Nd3 Nd6 45. Kf2 Kb5 46. Rd7 Ne4+ 47. Ke2 Kc6 48. Rh7 Nd6 49. Rh6 Kc7 50. Ne5 Rg8 51. Kf3 Rg1 52. Rh7+ Kc8 53. Nd7 Kc7 54. Nb6+ Kc6 55. Rh6 Rg8 56. Re6 Rd8 57. Kf4 Kb5 58. Nxd5 Kc4 59. Re5 Nf7 60. Rxf5 Rxd5 61. Rxf7 Kxb4 62. Rxb7+ Kxa5 63. Ke4 Rd8 64. d5 Ka4 65. Kd4 a5 66. e4 Ka3 67. e5 a4 68. e6 1-0